Statistiques concernant Logos de marque n° 2

Cliquez ici pour prendre le quiz!

Statistiques générales

  • Ce quiz a été pris 4 782 fois
  • Le résultat moyen est 15 sur 20

Statistiques - réponses

marque% Correct
Google
100%
Puma
99%
Lego
98%
Twitter
98%
Microsoft
97%
SnapChat
97%
Burger King
96%
X-Box
95%
Firefox
93%
Starbucks
93%
Spotify
92%
Playboy
81%
Skoda Auto
80%
Nestlé
73%
The North Face
72%
Fanta
69%
Beats by Dre
57%
Victoria's Secret
26%
WalMart
23%
AT&T
8%

Distribution des résultats

Percentile par nombre de réponses

% des personnes avec chaque résultat

Votre développement - résultats

Vous n’avez pas pris ce quiz